000 02597cam a2200277 4500500
005 20260329011606.0
041 _afre
042 _adc
100 1 0 _aRiserbato, Davide
_eauthor
245 0 0 _aRisvolti etici della metateologia in Roberto di Halifax Commento alle Sentenze, Prologo, q. 2
260 _c2026.
500 _a14
520 _aIl contributo presenta l’edizione critica di una questione (la seconda del Prologo) – dedicata alla qualità speculativa o pratica della teologia – del Commento alle Sentenze del maestro francescano inglese Roberto di Halifax. Unica sua opera che si conosca a essere giunta fino a noi, il suo Commento alle Sentenze è rivelativo di alcune tendenze filosofiche e teologiche che sono andate affermandosi nel corso del secolo xiv. Anche il Prologo non si discosta troppo dall’attenzione da lui rivolta al tema della volontà umana, tra i più dibattuti dai suoi contemporanei.
520 _aCet article présente l’édition critique d’une question (la deuxième du Prologue), consacrée au statut pratique ou spéculatif de la théologie, du Commentaire sur les Sentences du maître franciscain anglais Robert d’Halifax, seule œuvre connue d’Halifax qui nous soit parvenue. Il révèle certaines approches philosophiques et théologiques apparues au xive siècle. Dans le Prologue, Halifax porte une attention particulière à la question de la volonté humaine, un sujet largement débattu par ses contemporains.
520 _aThis paper provides a critical edition of a question (the second one of the Prologue) – devoted to the practical or speculative nature of theology – of the Commentary on the Sentences by the English Franciscan Master Robert of Halifax. The Commentary on the Sentences is the only known work by Halifax that has survived. It reveals some of the philosophical and theological tendencies that arose in the 14th century. In line with the other questions in this Commentary, the Prologue also reflects Halifax’s focus on the human will, a topic widely debated by his contemporaries.
690 _aCommentaire des Sentences.
690 _aintellect
690 _amétathéologie
690 _apraxis
690 _aPrologue
690 _aRobert d’Halifax
690 _ascientia practica
690 _avolonté
786 0 _nArchives d'histoire doctrinale et littéraire du Moyen Âge | 91 | 1 | 2026-02-05 | p. 325-373 | 0373-5478
856 4 1 _uhttps://shs.cairn.info/revue-archives-dhistoire-doctrinale-et-litteraire-du-moyen-age-2026-1-page-325?lang=fr&redirect-ssocas=7080
999 _c1863171
_d1863171